Effective Grammar and Composition / (Record no. 4958)

MARC details
000 -LEADER
fixed length control field 00621nam a22001937a 4500
003 - CONTROL NUMBER IDENTIFIER
control field OSt
005 - DATE AND TIME OF LATEST TRANSACTION
control field 20251021023122.0
008 - FIXED-LENGTH DATA ELEMENTS--GENERAL INFORMATION
fixed length control field 251021b |||||||| |||| 00| 0 eng d
020 ## - INTERNATIONAL STANDARD BOOK NUMBER
International Standard Book Number 978-971-610-055-8
040 ## - CATALOGING SOURCE
Original cataloging agency DWCL- Main Lib
Transcribing agency OC
082 ## - DEWEY DECIMAL CLASSIFICATION NUMBER
Classification number Fil. 425 T169e 2023
100 ## - MAIN ENTRY--PERSONAL NAME
Personal name Tantoco, Gwynethe M.
245 ## - TITLE STATEMENT
Title Effective Grammar and Composition /
Statement of responsibility, etc. Gwynethe M. Tantoco
260 ## - PUBLICATION, DISTRIBUTION, ETC.
Place of publication, distribution, etc. Bulacan, Philippines :
Name of publisher, distributor, etc. Isa - Jecho Publishing,Inc.,
Date of publication, distribution, etc. c2023.
300 ## - PHYSICAL DESCRIPTION
Extent 241 pages :
Other physical details illustrations ;
Dimensions 20cm.
504 ## - BIBLIOGRAPHY, ETC. NOTE
Bibliography, etc. note Includes Bibliographical References.
650 ## - SUBJECT ADDED ENTRY--TOPICAL TERM
Topical term or geographic name entry element 1. Grammar
942 ## - ADDED ENTRY ELEMENTS (KOHA)
Source of classification or shelving scheme Dewey Decimal Classification
Koha item type Book-Filipiniana
Call number prefix Fil
Suppress in OPAC No
952 ## - LOCATION AND ITEM INFORMATION (KOHA)
--
Holdings
Withdrawn status Lost status Source of classification or shelving scheme Damaged status Not for loan Home library Current library Shelving location Date acquired Source of acquisition Cost, normal purchase price Total Checkouts Full call number Barcode Date last seen Copy number Cost, replacement price Price effective from Koha item type Uniform Resource Identifier
    Dewey Decimal Classification     College Library Junior High School Library Filipiniana 07/17/2025 School Fund 200.00   Fil. 425 T169e 2023 21500 10/21/2025 c1 200.00 10/21/2025 BK-FIL